000 00943nam a2200277 i 4500
003 DO-SdBNP
005 20250618150107.0
007 ta
008 250618b2024 dr a|||| |||| 00| 0 spa d
020 _a9789945947700
040 _aDO-SdBNP
_bspa
_cBNPHU
_erda
041 _aspa
082 4 _axxx
_bR696m
_222
100 1 _aRodríguez García, Emilio
_eautor
_4aut.
_986959
245 1 0 _aMonsieur Singer, y el vestido de la princesa W Fostan al Amira /
_cEmilio Rodríguez García ; ilustrado por Nadine Issa.
250 _aPrimera edición
264 4 _aSanto Domingo, República Dominicana :
_bGarcía Valle Editorial,
_c©2024.
300 _a30 páginas :
_bilustraciones ;
_c19 cm.
336 _atexto
_btxt
_2rdacontent
337 _asin mediación
_bn
_2rdamedia
338 _avolumen
_bnc
_2rdacarrier
590 _aInventariado, 2025 /LP
700 1 _aIssa, Nadine,
_eilustrador
_4il.
_988146
910 _aLP
942 _2ddc
_cLF2
999 _c58112
_d58112